01301nam a2200217 a 4500001001500000003001200015005001700027008004100044020002500085020001900110040000600129082002000135245022800155250001200383260003900395300002100434520050400455700002400959700001800983856008201001ASIN0415401178Nust- CAS-E20180118181356.0140305s2006 xxu eng d a0415401178 c$115.95 a9780415401173  c0 a622.2bNEW 200610aInternational mining forum 2006, new technological solutions in underground mining :bproceedings of the 7th international mining forum, cracow - szczyrk - wieliczka, poland, february 2006 /cEugeniusz Sobczyk, Jerzy Kicki. a0th ed. a[S.l.] :bTaylor & Francis,c2006. a191 p. ;c26 cm. aThe International Mining Forum is a recurring event, hosted by the University of Science and Technology in Cracow, Poland, bringing together an international group of scientists, including those working in rock mechanics and computer engineering as well as mining engineers. The topics are wide-ranging, including papers on remote sensing to assess primary impact; treatment of sealed-off coal mine fires; sustainable development in mine closure; and monitoring of natural hazards and safety issues.1 aSobczyk, Eugeniusz.1 aKicki, Jerzy.403Amazon.comuhttp://www.amazon.com/exec/obidos/ASIN/0415401178/chopaconline-20